000 00534nam a2200193 a 4500
001 1758620201441
003 YourLibrary
005 20250923150818.0
008 250923s2007##################000#0#eng##
020 _a9781584883708
082 0 4 _a577.072
_bGRE
100 1 _aGregoire, Timothy G.,
_eauthor.
245 1 0 _aSampling Strategies for Natural Resources and the Environment :
260 _bCRC Press,
_c2007.
300 _a480 pages
650 0 _aMathematics.
942 _cENGLISH
040 _aYourLibrary
_beng
_cYourLibrary
999 _c589034
_d589034